LIBRARY ONLINE CATALOGUE

Crystal reports 10 : (Record no. 5812)

MARC details
000 -LEADER
fixed length control field 00663cam a22002172 4500
001 - CONTROL NUMBER
control field 0000002356
005 - DATE AND TIME OF LATEST TRANSACTION
control field 20151217151851.0
008 - FIXED-LENGTH DATA ELEMENTS--GENERAL INFORMATION
fixed length control field 070410s xx 000 0 eng d
020 ## - INTERNATIONAL STANDARD BOOK NUMBER
International Standard Book Number 00597898 :
Terms of availability KES 2,300
040 ## - CATALOGING SOURCE
Original cataloging agency KABU
Transcribing agency KABU
050 #0 - LIBRARY OF CONGRESS CALL NUMBER
Classification number HF5719
Item number .P43
100 1# - MAIN ENTRY--PERSONAL NAME
Personal name Peck, George.
-- 0000151701
245 10 - TITLE STATEMENT
Title Crystal reports 10 :
Remainder of title the complete reference.
260 ## - PUBLICATION, DISTRIBUTION, ETC. (IMPRINT)
Place of publication, distribution, etc. New Delhi :
Name of publisher, distributor, etc. Tata McGraw-Hill,
Date of publication, distribution, etc. 2004.
300 ## - PHYSICAL DESCRIPTION
Extent xviii, 940 p.
650 #0 - SUBJECT ADDED ENTRY--TOPICAL TERM
Topical term or geographic name as entry element Seagate Crystal reports.
-- 0000151660
650 #0 - SUBJECT ADDED ENTRY--TOPICAL TERM
Topical term or geographic name as entry element Business report writing
General subdivision Data processing.
-- 0000151702
908 ## - PUT COMMAND PARAMETER (RLIN)
Put command parameter 070410
950 ## - LOCAL HOLDINGS (RLIN)
-- 1
Holdings
Withdrawn status Lost status Source of classification or shelving scheme Not for loan Home library Current library Date acquired Total Checkouts Full call number Barcode Date last seen Price effective from Koha item type
    Library of Congress Classification   Kabarak, Main Campus Kabarak, Main Campus 17/12/2015   HF5719 .P43 005239 17/12/2015 17/12/2015 General Collection